<?xml version="1.0" encoding="UTF-8"?>
<record
    xmlns:xsi="http://www.w3.org/2001/XMLSchema-instance"
    xsi:schemaLocation="http://www.loc.gov/MARC21/slim http://www.loc.gov/standards/marcxml/schema/MARC21slim.xsd"
    xmlns="http://www.loc.gov/MARC21/slim">

  <leader>02086nam2a2200325   4500</leader>
  <controlfield tag="001">RU\NLR\BIBL_A\010346009</controlfield>
  <controlfield tag="005">20260408113912.0</controlfield>
  <datafield tag="010" ind1=" " ind2=" ">
    <subfield code="a">978-5-904431-80-8</subfield>
    <subfield code="9">300</subfield>
  </datafield>
  <datafield tag="021" ind1=" " ind2=" ">
    <subfield code="a">RU</subfield>
    <subfield code="b">2014-11678</subfield>
    <subfield code="9">748</subfield>
  </datafield>
  <datafield tag="035" ind1=" " ind2=" ">
    <subfield code="a">(NILC)RuMoRGB-006746966</subfield>
  </datafield>
  <datafield tag="035" ind1=" " ind2=" ">
    <subfield code="a">(NLR Aleph) 010346009</subfield>
  </datafield>
  <datafield tag="090" ind1=" " ind2=" ">
    <subfield code="a">10723978</subfield>
    <subfield code="c">10723978</subfield>
  </datafield>
  <datafield tag="100" ind1=" " ind2=" ">
    <subfield code="a">20140422d2011    |||y0rusy50      ca</subfield>
  </datafield>
  <datafield tag="101" ind1="0" ind2=" ">
    <subfield code="a">rus</subfield>
  </datafield>
  <datafield tag="102" ind1=" " ind2=" ">
    <subfield code="a">RU</subfield>
  </datafield>
  <datafield tag="105" ind1=" " ind2=" ">
    <subfield code="a">a|||z|||000yy</subfield>
  </datafield>
  <datafield tag="200" ind1="1" ind2=" ">
    <subfield code="a">&#x422;&#x435;&#x430;&#x442;&#x440;&#x430;&#x43B;&#x44C;&#x43D;&#x44B;&#x439; &#x434;&#x438;&#x437;&#x430;&#x439;&#x43D; &#x432; &#x440;&#x430;&#x431;&#x43E;&#x442;&#x435; &#x441; &#x434;&#x43E;&#x448;&#x43A;&#x43E;&#x43B;&#x44C;&#x43D;&#x438;&#x43A;&#x430;&#x43C;&#x438;</subfield>
    <subfield code="f">...&#x414;&#x421; &#x2116; 99 "&#x41A;&#x430;&#x43F;&#x435;&#x43B;&#x44C;&#x43A;&#x430;"</subfield>
  </datafield>
  <datafield tag="210" ind1=" " ind2=" ">
    <subfield code="a">&#x423;&#x43B;&#x44C;&#x44F;&#x43D;&#x43E;&#x432;&#x441;&#x43A;</subfield>
    <subfield code="c">&#x438;&#x437;&#x434;&#x430;&#x442;&#x435;&#x43B;&#x44C; &#x41A;&#x430;&#x447;&#x430;&#x43B;&#x438;&#x43D; &#x410;&#x43B;&#x435;&#x43A;&#x441;&#x430;&#x43D;&#x434;&#x440; &#x412;&#x430;&#x441;&#x438;&#x43B;&#x44C;&#x435;&#x432;&#x438;&#x447;</subfield>
    <subfield code="d">2011</subfield>
  </datafield>
  <datafield tag="215" ind1=" " ind2=" ">
    <subfield code="a">63 &#x441;., [4] &#x43B;. &#x446;&#x432;. &#x438;&#x43B;.</subfield>
    <subfield code="d">21</subfield>
  </datafield>
  <datafield tag="461" ind1=" " ind2="0">
    <subfield code="1">001RU\NLR\bibl\2080384</subfield>
    <subfield code="1">2000#$a&#x41F;&#x435;&#x441;&#x442;&#x440;&#x44B;&#x439; &#x43C;&#x438;&#x440; &#x434;&#x435;&#x442;&#x441;&#x43A;&#x438;&#x445; &#x43F;&#x440;&#x43E;&#x435;&#x43A;&#x442;&#x43E;&#x432;$e&#x43C;&#x435;&#x442;&#x43E;&#x434;&#x438;&#x447;&#x435;&#x441;&#x43A;&#x43E;&#x435; &#x43F;&#x43E;&#x441;&#x43E;&#x431;&#x438;&#x435; &#x43B;&#x430;&#x431;&#x43E;&#x440;&#x430;&#x442;&#x43E;&#x440;&#x438;&#x438; &#x440;&#x430;&#x437;&#x432;&#x438;&#x442;&#x438;&#x44F; &#x442;&#x432;&#x43E;&#x440;&#x447;&#x435;&#x441;&#x43A;&#x438;&#x445; &#x441;&#x43F;&#x43E;&#x441;&#x43E;&#x431;&#x43D;&#x43E;&#x441;&#x442;&#x435;&#x439; &#x440;&#x435;&#x431;&#x435;&#x43D;&#x43A;&#x430;$f&#x410;&#x41D;&#x41E; &#x414;&#x41E; "&#x41F;&#x43B;&#x430;&#x43D;&#x435;&#x442;&#x430; &#x434;&#x435;&#x442;&#x441;&#x442;&#x432;&#x430; "&#x41B;&#x430;&#x434;&#x430;", &#x414;&#x435;&#x442;. &#x441;&#x430;&#x434; N&#xB0; 102 "&#x412;&#x435;&#x441;&#x435;&#x43B;&#x44B;&#x435; &#x437;&#x432;&#x43E;&#x43D;&#x43E;&#x447;&#x43A;&#x438;"$g[&#x441;&#x43E;&#x441;&#x442;.: &#x41A;&#x43E;&#x442;&#x43B;&#x44F;&#x43A;&#x43E;&#x432;&#x430; &#x422;.&#x410;. - &#x43A;.&#x43F;.&#x43D;., &#x434;&#x43E;&#x446;.]$v&#x412;&#x44B;&#x43F;. 4</subfield>
    <subfield code="9">4698398</subfield>
    <subfield code="c">&#x422;&#x43E;&#x43B;&#x44C;&#x44F;&#x442;&#x442;&#x438;</subfield>
    <subfield code="d">2011</subfield>
    <subfield code="f">&#x410;&#x41D;&#x41E; &#x414;&#x41E; "&#x41F;&#x43B;&#x430;&#x43D;&#x435;&#x442;&#x430; &#x434;&#x435;&#x442;&#x441;&#x442;&#x432;&#x430; "&#x41B;&#x430;&#x434;&#x430;", &#x414;&#x435;&#x442;. &#x441;&#x430;&#x434; N&#xB0; 102 "&#x412;&#x435;&#x441;&#x435;&#x43B;&#x44B;&#x435; &#x437;&#x432;&#x43E;&#x43D;&#x43E;&#x447;&#x43A;&#x438;"</subfield>
    <subfield code="n">&#x418;&#x437;&#x434;-&#x432;&#x43E; &#x422;&#x413;&#x423;</subfield>
    <subfield code="o">&#x43C;&#x435;&#x442;&#x43E;&#x434;&#x438;&#x447;&#x435;&#x441;&#x43A;&#x43E;&#x435; &#x43F;&#x43E;&#x441;&#x43E;&#x431;&#x438;&#x435; &#x43B;&#x430;&#x431;&#x43E;&#x440;&#x430;&#x442;&#x43E;&#x440;&#x438;&#x438; &#x440;&#x430;&#x437;&#x432;&#x438;&#x442;&#x438;&#x44F; &#x442;&#x432;&#x43E;&#x440;&#x447;&#x435;&#x441;&#x43A;&#x438;&#x445; &#x441;&#x43F;&#x43E;&#x441;&#x43E;&#x431;&#x43D;&#x43E;&#x441;&#x442;&#x435;&#x439; &#x440;&#x435;&#x431;&#x435;&#x43D;&#x43A;&#x430;</subfield>
    <subfield code="t">&#x41F;&#x435;&#x441;&#x442;&#x440;&#x44B;&#x439; &#x43C;&#x438;&#x440; &#x434;&#x435;&#x442;&#x441;&#x43A;&#x438;&#x445; &#x43F;&#x440;&#x43E;&#x435;&#x43A;&#x442;&#x43E;&#x432;</subfield>
    <subfield code="v">&#x412;&#x44B;&#x43F;. 4</subfield>
  </datafield>
  <datafield tag="606" ind1="1" ind2=" ">
    <subfield code="a">&#x414;&#x43E;&#x448;&#x43A;&#x43E;&#x43B;&#x44C;&#x43D;&#x438;&#x43A;&#x438;</subfield>
    <subfield code="x">&#x425;&#x443;&#x434;&#x43E;&#x436;&#x435;&#x441;&#x442;&#x432;&#x435;&#x43D;&#x43D;&#x43E;&#x435; &#x432;&#x43E;&#x441;&#x43F;&#x438;&#x442;&#x430;&#x43D;&#x438;&#x435;</subfield>
    <subfield code="x">&#x418;&#x441;&#x43F;&#x43E;&#x43B;&#x44C;&#x437;&#x43E;&#x432;&#x430;&#x43D;&#x438;&#x435; &#x442;&#x435;&#x430;&#x442;&#x440;&#x430;</subfield>
    <subfield code="j">&#x41C;&#x435;&#x442;&#x43E;&#x434;&#x438;&#x447;&#x435;&#x441;&#x43A;&#x438;&#x435; &#x43F;&#x43E;&#x441;&#x43E;&#x431;&#x438;&#x44F;</subfield>
    <subfield code="2">nlr_sh2</subfield>
    <subfield code="3">RU\NLR\AUTH\6601748908</subfield>
  </datafield>
  <datafield tag="675" ind1=" " ind2=" ">
    <subfield code="a">373.2.025</subfield>
  </datafield>
  <datafield tag="686" ind1="1" ind2=" ">
    <subfield code="a">&#x427;411.355.25&#x44F;8</subfield>
  </datafield>
  <datafield tag="712" ind1="0" ind2="2">
    <subfield code="4">570</subfield>
    <subfield code="a">"&#x41A;&#x430;&#x43F;&#x435;&#x43B;&#x44C;&#x43A;&#x430;", &#x434;&#x435;&#x442;&#x441;&#x43A;&#x438;&#x439; &#x441;&#x430;&#x434;</subfield>
    <subfield code="c">99; &#x422;&#x43E;&#x43B;&#x44C;&#x44F;&#x442;&#x442;&#x438;</subfield>
    <subfield code="3">RU\NLR\AUTH\880366742</subfield>
    <subfield code="9">400181</subfield>
  </datafield>
  <datafield tag="801" ind1=" " ind2="0">
    <subfield code="a">RU</subfield>
    <subfield code="b">RuMoRKP</subfield>
    <subfield code="c">20140227</subfield>
    <subfield code="g">RCR</subfield>
  </datafield>
  <datafield tag="801" ind1=" " ind2="2">
    <subfield code="a">RU</subfield>
    <subfield code="b">&#x420;&#x413;&#x411;</subfield>
    <subfield code="c">20140320</subfield>
    <subfield code="g">rcr</subfield>
  </datafield>
  <datafield tag="942" ind1=" " ind2=" ">
    <subfield code="c">BOOK</subfield>
  </datafield>
  <datafield tag="980" ind1=" " ind2=" ">
    <subfield code="a">NB</subfield>
  </datafield>
  <datafield tag="995" ind1=" " ind2=" ">
    <subfield code="5">2014-04-22</subfield>
    <subfield code="a">ad</subfield>
    <subfield code="b">NLR01</subfield>
    <subfield code="c">NLR01</subfield>
    <subfield code="e">RF8</subfield>
    <subfield code="f">1-447645</subfield>
    <subfield code="k">2013-4/3273</subfield>
    <subfield code="o">0</subfield>
    <subfield code="r">BOOK</subfield>
    <subfield code="s">201343273_</subfield>
  </datafield>
  <datafield tag="995" ind1=" " ind2=" ">
    <subfield code="5">2014-04-22</subfield>
    <subfield code="a">ad</subfield>
    <subfield code="b">NLR01</subfield>
    <subfield code="c">NLR01</subfield>
    <subfield code="e">RF8</subfield>
    <subfield code="f">1-447644</subfield>
    <subfield code="k">2013-4/3273</subfield>
    <subfield code="o">0</subfield>
    <subfield code="r">BOOK</subfield>
    <subfield code="s">201343273_</subfield>
  </datafield>
</record>
